Datum a čas kvízu
26
Celkem bodů
Celkový počet nahraných bodů na tomto kvízu bez doplňovacích otázek.
8.
Pořadí na kvízu
Konečné umístění týmu na tomto kvízu.
Zaznamenané odpovědi
| # | Otázka | Odpověď | Body | Výsledky |
|---|---|---|---|---|
| 1. | V nabídce jedné plzeňské reali... | Zelená Hora, Černí baroni | 1 | |
| 2. | Minulý týden jsme se dozvěděli... | Magnolia (magnólie) | 0 | |
| 3. | V sobotu byly slavnostně vyhlá... | Vladimír Mišík, Kateřina Marie Tichá | 0 | |
| 4. | Ministerstvo dopravy schválilo... | D99 | 0 | |
| 5. | Atmosféra mezi istanbulskými k... | José Mourinho | 1 | |
| 6. | Miminkovské téma začněme u pro... | D | 0 | |
| 7. | Nejen lidská miminka se rodí s... | mázek | 0 | |
| 8. | Ideálně do pár hodin po porodu... | vitamín K | 1 | |
| 9. | Pro klidný spánek miminka může... | bílý šum | 1 | |
| 10. | Ve které síti supermarketů a h... | Tesco | 0 |